| 000 | 01095nam a2200229Ia 4500 | ||
|---|---|---|---|
| 001 | 15584 | ||
| 003 | GE_BSU | ||
| 008 | 181216s||||||||xx |||||||||||||| ||und|| | ||
| 040 | _cGE_BSU | ||
| 100 | _aჩეკურიშვილი, ვალერიან | ||
| 245 | _aჩვენებური კაცი | ||
| 245 | _bმოთხრობები | ||
| 245 | _cრედ.შ.კაპანაძე. მხატვ.ვ. ფურცელაძე | ||
| 260 | _aთბილისი | ||
| 260 | _bსაბჭოთა საქართველო | ||
| 260 | _c1967 | ||
| 300 | _a168გვ. ; 17სმ | ||
| 653 | _aმთების სიზმარი; ჭალის ბილიკზე; ღრჯუ; ღამისფერი მხედარი; ჩამქრალი მთვარე; ჩვენებური კაცი; უმამისახელო ბიჭები; ფოთლები ფანჯარაში | ||
| 653 | _aმოთხრობები | ||
| 653 | _aჩვენებური კაცი | ||
| 942 | _cBK | ||
| 999 |
_c48684 _d48684 |
||